000 00438pab a2200157 454500
008 180718b2003 xxu||||| |||| 00| 0 eng d
100 _aChengappa, B.P.
245 _aWar as a dimension in India - Pakistan relations ( a review essay)
260 _c2003
300 _ap.108-19.
362 _aJul-Sep
650 _aIndia - Foreign relations - Pakistan
650 _aInternational relations
773 _aWorld Affairs
909 _a58610
999 _c58610
_d58610